[Event "Edinburgh op"]
[Site "Edinburgh"]
[Date "2011.04.01"]
[Round "1"]
[White "Berry, Neil"]
[Black "Stokes, Ivan"]
[Result "1-0"]
[WhiteElo "2331"]
[BlackElo "2064"]
[PlyCount "61"]
[EventDate "2011.04.01"]
[EventType "swiss"]
[EventRounds "5"]
[EventCountry "SCO"]
[SourceTitle "EXT 2013"]
[Source "ChessBase"]
[SourceDate "2012.11.22"]
[SourceVersion "1"]
[SourceVersionDate "2012.11.22"]
[SourceQuality "1"]

1. c4 g6 2. g3 Nf6 3. Bg2 e5 4. Nc3 Bg7 5. e4 Nc6 6. Nge2 d6 7. 0-0 h5 8. d4 Ng4 9. d5 Ne7 10. h3 Nh6 11. f4 0-0 12. fxe5 dxe5 13. Be3 f6 14. a4 g5 15. a5 Ng6 16. c5 h4 17. g4 Nxg4 18. hxg4 Bxg4 19. d6 Be6 20. dxc7 Qc8 21. Nb5 h3 22. Bf3 g4 23. Bh1 Nh4 24. Ng3 Ng2 25. Bxg2 hxg2 26. Kxg2 Bc4 27. Nd6 Bxf1+ 28. Kxf1 Qxc7 29. Qxg4 Rad8 30. Qe6+ Kh8 31. Kg2 1-0

[Event "Cesenatico op-A"]
[Site "Cesenatico"]
[Date "2008.08.30"]
[Round "1"]
[White "Stokes, Ivan"]
[Black "Meijers, Viesturs"]
[Result "0-1"]
[WhiteElo "2047"]
[BlackElo "2496"]
[PlyCount "68"]
[EventDate "2008.08.30"]
[EventType "swiss"]
[EventRounds "9"]
[EventCountry "ITA"]
[SourceTitle "EXT 2010"]
[Source "ChessBase"]
[SourceDate "2010.11.25"]
[SourceVersion "1"]
[SourceVersionDate "2010.11.25"]
[SourceQuality "1"]

1. e4 c5 2. Nf3 e6 3. Nc3 a6 4. d4 cxd4 5. Nxd4 b5 6. Bd3 Bb7 7. a4 b4 8. Na2 Qc7 9. c3 Nf6 10. Qe2 e5 11. Nb3 a5 12. Bd2 Nc6 13. 0-0 Be7 14. Qe1 Qd6 15. Bc4 0-0 16. Rd1 Qb8 17. Bg5 Rd8 18. Bxf6 Bxf6 19. Nc5 Bc8 20. Qd2 Qc7 21. Bd5 Rb8 22. cxb4 axb4 23. Nb3 Ne7 24. Rc1 Qa7 25. Rc5 Nxd5 26. Ra5 Ba6 27. exd5 Qb6 28. Rc1 h6 29. Qe3 Bg5 30. Qxb6 Rxb6 31. Rc7 Bd3 32. Nc5 Bb1 33. Nxd7 Rd6 34. Nxb4 R6xd7 0-1

[Event "GBR-ch 94th"]
[Site "Great Yarmouth"]
[Date "2007.08.07"]
[Round "8"]
[White "Zhou, Yang Fan"]
[Black "Stokes, Ivan"]
[Result "0-1"]
[WhiteElo "2069"]
[BlackElo "2055"]
[PlyCount "78"]
[EventDate "2007.07.30"]
[EventType "swiss"]
[EventRounds "11"]
[EventCountry "ENG"]
[SourceTitle "CBM 119 Extra"]
[Source "ChessBase"]
[SourceDate "2007.09.04"]
[SourceVersion "1"]
[SourceVersionDate "2007.09.04"]
[SourceQuality "1"]

1. e4 c5 2. Nf3 d6 3. Bc4 Nf6 4. d3 e6 5. 0-0 Nc6 6. Re1 Be7 7. Bb3 0-0 8. c3 b6 9. Nbd2 Bb7 10. Bc2 Re8 11. Nf1 g6 12. d4 cxd4 13. cxd4 e5 14. d5 Nb8 15. b4 a5 16. Rb1 axb4 17. Ba4 Nfd7 18. Bd2 Na6 19. Bxb4 Nxb4 20. Rxb4 f5 21. exf5 gxf5 22. Bxd7 Qxd7 23. Qb3 Bd8 24. Rd1 Ra5 25. Ne3 f4 26. Nc4 Rxd5 27. Nxb6 Bxb6 28. Rxb6 Qf7 29. Rb1 Ba8 30. Ng5 Qg6 31. Rb5 Qxg5 32. Rxd5 Kg7 33. f3 Bxd5 34. Qxd5 Qf6 35. a4 Re7 36. a5 Qe6 37. Qxe6 Rxe6 38. Rb6 e4 39. a6 exf3 0-1

[Event "GBR-ch 94th"]
[Site "Great Yarmouth"]
[Date "2007.08.04"]
[Round "6"]
[White "Hall, Daniel"]
[Black "Stokes, Ivan"]
[Result "1/2-1/2"]
[WhiteElo "2113"]
[BlackElo "2055"]
[PlyCount "146"]
[EventDate "2007.07.30"]
[EventType "swiss"]
[EventRounds "11"]
[EventCountry "ENG"]
[SourceTitle "CBM 119 Extra"]
[Source "ChessBase"]
[SourceDate "2007.09.04"]
[SourceVersion "1"]
[SourceVersionDate "2007.09.04"]
[SourceQuality "1"]

1. e4 c5 2. Nf3 d6 3. Bb5+ Bd7 4. Bxd7+ Qxd7 5. 0-0 Nf6 6. Re1 Nc6 7. c3 e6 8. d4 cxd4 9. cxd4 d5 10. e5 Ng8 11. Nc3 Nge7 12. Bg5 h6 13. Bf4 h5 14. a3 Nf5 15. Rc1 0-0-0 16. Na4 Kb8 17. Nc5 Bxc5 18. dxc5 Rc8 19. b4 Ka8 20. b5 Na5 21. a4 Qe7 22. Bd2 Nc4 23. Bb4 b6 24. Rxc4 dxc4 25. Qe2 bxc5 26. Ba5 Nd4 27. Qxc4 Nxf3+ 28. gxf3 Qb7 29. Qd3 h4 30. h3 Rh5 31. Qe3 Rf5 32. Kg2 f6 33. exf6 gxf6 34. Qe4 Rg8+ 35. Kf1 Qxe4 36. Rxe4 Rxf3 37. Rxe6 Rxh3 38. Rxf6 Rh1+ 39. Ke2 Ra1 40. Rf4 Rh8 41. Bc3 Ra2+ 42. Kf1 Rh7 43. a5 Rb7 44. Rxh4 Rxb5 45. Re4 Rc2 46. Be1 c4 47. f4 c3 48. Rc4 Rh5 49. Kg1 Rxa5 50. Rxc3 Rxc3 51. Bxc3 Rf5 52. Be5 Kb7 53. Kf2 Kc6 54. Ke3 Kd5 55. Kd3 Rf7 56. Kc3 Rb7 57. Kc2 Ke4 58. Bd6 Rb6 59. Be5 a5 60. Bb2 Kxf4 61. Kb1 Rb3 62. Ka2 a4 63. Ba3 Ke4 64. Bb2 Kd3 65. Bc1 Kc2 66. Ba3 Kc3 67. Bf8 Kc4 68. Bd6 Rh3 69. Bf8 Kb5 70. Be7 Kc4 71. Bf8 Rh2+ 72. Ka3 Rh3+ 73. Ka2 Rh6 1/2-1/2

[Event "GBR-ch 94th"]
[Site "Great Yarmouth"]
[Date "2007.07.30"]
[Round "1"]
[White "Chapman, Terry PD"]
[Black "Stokes, Ivan"]
[Result "1-0"]
[WhiteElo "2200"]
[BlackElo "2055"]
[PlyCount "61"]
[EventDate "2007.07.30"]
[EventType "swiss"]
[EventRounds "11"]
[EventCountry "ENG"]
[SourceTitle "CBM 119 Extra"]
[Source "ChessBase"]
[SourceDate "2007.09.04"]
[SourceVersion "1"]
[SourceVersionDate "2007.09.04"]
[SourceQuality "1"]

1. Nf3 Nf6 2. c4 c5 3. d4 cxd4 4. Nxd4 g6 5. Nc3 d6 6. e4 Nc6 7. Be2 Bg7 8. Be3 0-0 9. 0-0 Nd7 10. Qd2 Nc5 11. Rab1 Nxd4 12. Bxd4 Bxd4 13. Qxd4 f5 14. Rbd1 Nxe4 15. Nxe4 fxe4 16. Qxe4 Qc7 17. Bf3 Rf5 18. Rfe1 Re5 19. Qd4 Be6 20. b3 Rxe1+ 21. Rxe1 Bf7 22. h4 e5 23. Qd2 Rb8 24. Bd5 Rf8 25. Rd1 Kg7 26. Bxf7 Qxf7 27. Qe3 Rd8 28. Qxa7 Rd7 29. Qe3 Qf6 30. g3 Qe6 31. Rd5 1-0

[Event "Glorney Cup"]
[Site "Dublin"]
[Date "2007.07.24"]
[Round "2"]
[White "Stokes, Ivan"]
[Black "Moran, Stephen"]
[Result "1/2-1/2"]
[WhiteElo "2044"]
[BlackElo "1892"]
[PlyCount "49"]
[EventDate "2007.07.24"]
[EventType "team-swiss"]
[EventRounds "5"]
[EventCountry "IRL"]
[SourceTitle "EXT 2010"]
[Source "ChessBase"]
[SourceDate "2010.11.25"]
[SourceVersion "1"]
[SourceVersionDate "2010.11.25"]
[SourceQuality "1"]

1. e4 e6 2. d4 d5 3. Nd2 Nf6 4. e5 Nfd7 5. f4 c5 6. c3 Nc6 7. Ndf3 f6 8. a3 cxd4 9. cxd4 a5 10. b3 Be7 11. h4 Rb8 12. Bd3 b5 13. Ne2 Qb6 14. Bb2 Ba6 15. Rc1 b4 16. a4 Rc8 17. g3 Nf8 18. 0-0 f5 19. Kg2 h5 20. Rf2 g6 21. Neg1 Nh7 22. Rfc2 Kd7 23. Ne2 Rc7 24. Ne1 Rhc8 25. Bxa6 1/2-1/2

[Event "EU-chT U18 7th"]
[Site "Subotica"]
[Date "2007.07.10"]
[Round "3"]
[White "Stokes, Ivan"]
[Black "Musovic, Armin"]
[Result "0-1"]
[WhiteElo "2055"]
[BlackElo "2079"]
[PlyCount "110"]
[EventDate "2007.07.08"]
[EventType "team-swiss"]
[EventRounds "7"]
[EventCountry "YUG"]
[SourceTitle "EXT 2020"]
[Source "ChessBase"]
[SourceDate "2019.10.17"]
[SourceVersion "1"]
[SourceVersionDate "2019.10.17"]
[SourceQuality "1"]
[WhiteTeam "Scotland U18"]
[BlackTeam "Montenegro U18"]
[WhiteTeamCountry "SCO"]
[BlackTeamCountry "MNE"]

1. e4 c6 2. d4 d5 3. Nc3 dxe4 4. Nxe4 Nd7 5. Ng5 Nb6 6. Bd3 g6 7. N1f3 Bg7 8. c3 Nh6 9. 0-0 Bf5 10. Re1 0-0 11. Bxf5 Nxf5 12. Ne4 Qc7 13. Ng3 e6 14. Nxf5 exf5 15. g3 Nd5 16. c4 Nf6 17. Qb3 Ne4 18. Bf4 Qb6 19. Red1 Rac8 20. Qxb6 axb6 21. Nd2 Rfe8 22. Nb3 c5 23. f3 Nf6 24. dxc5 bxc5 25. Re1 Nh5 26. Be3 Bxb2 27. Rab1 Bc3 28. Bd2 Bxd2 29. Nxd2 Rxe1+ 30. Rxe1 Ra8 31. Nb3 b6 32. Re2 Ng7 33. Rb2 Ne6 34. Nd2 Kf8 35. Kf2 Ke7 36. h4 Kd7 37. Rxb6 Rxa2 38. Ke3 Kc7 39. Rb3 f4+ 40. gxf4 Nxf4 41. Kxf4 Rxd2 42. Rc3 f6 43. Kg3 Rd4 44. Rc2 Kd6 45. Rc3 Ke5 46. Re3+ Kf5 47. Rc3 h5 48. Rc1 g5 49. hxg5 fxg5 50. Kf2 Rd2+ 51. Ke3 Ra2 52. Rd1 Ra3+ 53. Ke2 Kf4 54. Rd5 Re3+ 55. Kd2 Re5 0-1

[Event "East of Scotland-ch"]
[Site "Scotland"]
[Date "2007.05.06"]
[Round "5"]
[White "Grant, Alan"]
[Black "Stokes, Ivan"]
[Result "1/2-1/2"]
[WhiteElo "2178"]
[BlackElo "2006"]
[PlyCount "46"]
[EventDate "2007.05.04"]
[EventType "swiss"]
[EventRounds "5"]
[EventCountry "SCO"]
[SourceTitle "EXT 2023"]
[Source "ChessBase"]
[SourceDate "2022.10.05"]
[SourceVersion "1"]
[SourceVersionDate "2022.10.05"]
[SourceQuality "1"]

1. e4 c5 2. Nf3 d6 3. Nc3 Nf6 4. Bc4 e6 5. 0-0 Be7 6. d3 0-0 7. Re1 Nbd7 8. a4 b6 9. Bg5 a6 10. Qd2 Ne5 11. Nxe5 dxe5 12. h3 Nd7 13. Be3 Nb8 14. Ne2 Nc6 15. c3 Qc7 16. Ng3 Rd8 17. Qe2 Rb8 18. Qg4 b5 19. Bh6 g6 20. axb5 axb5 21. Ba2 Rxd3 22. Rad1 Rxd1 23. Rxd1 c4 1/2-1/2

[Event "Edinburgh Premier"]
[Site "Edinburgh"]
[Date "2007.04.15"]
[Round "4"]
[White "Hoffmann, Heinrich"]
[Black "Stokes, Ivan"]
[Result "1/2-1/2"]
[WhiteElo "2039"]
[BlackElo "2044"]
[PlyCount "36"]
[EventDate "2007.04.13"]
[EventType "swiss"]
[EventRounds "5"]
[EventCountry "SCO"]
[SourceTitle "EXT 2008"]
[Source "ChessBase"]
[SourceDate "2007.11.25"]
[SourceVersion "1"]
[SourceVersionDate "2007.11.25"]
[SourceQuality "1"]

1. e4 c5 2. Nf3 d6 3. d4 cxd4 4. Nxd4 Nf6 5. Nc3 a6 6. Bc4 e6 7. Bb3 Nbd7 8. f4 Nc5 9. 0-0 Be7 10. f5 0-0 11. fxe6 fxe6 12. Nf5 Nxb3 13. Nxe7+ Qxe7 14. axb3 Bd7 15. Bf4 d5 16. exd5 Qc5+ 17. Kh1 Nxd5 18. Nxd5 Qxd5 1/2-1/2

[Event "Gibraltar Challengers Week2"]
[Site "Gibraltar"]
[Date "2007.01.29"]
[Round "2"]
[White "Stokes, Ivan"]
[Black "Vea, Odin Blikra"]
[Result "0-1"]
[WhiteElo "2044"]
[BlackElo "2147"]
[PlyCount "94"]
[EventDate "2007.01.28"]
[EventType "swiss"]
[EventRounds "5"]
[EventCountry "ENG"]
[SourceTitle "EXT 2008"]
[Source "ChessBase"]
[SourceDate "2007.11.25"]
[SourceVersion "1"]
[SourceVersionDate "2007.11.25"]
[SourceQuality "1"]

1. e4 c5 2. Nf3 Nc6 3. d4 cxd4 4. Nxd4 Nf6 5. Nc3 e5 6. Ndb5 h6 7. Nd5 Nxd5 8. exd5 a6 9. dxc6 axb5 10. cxd7+ Bxd7 11. Bd3 Bc5 12. 0-0 Bc6 13. Kh1 Qh4 14. Qe2 0-0 15. f3 Rfe8 16. Bxb5 e4 17. Bxc6 bxc6 18. f4 e3 19. g3 Qe7 20. Qf3 Qe6 21. Re1 Rad8 22. b4 Bd4 23. c3 Ba7 24. c4 Qxc4 25. Bxe3 Qc3 26. Rac1 Qa3 27. Rxc6 Rxe3 28. Rxe3 Bxe3 29. Rc2 Qd3 30. Re2 Qb1+ 31. Kg2 Bd2 32. a3 Bc1 33. f5 Bg5 34. h4 Bf6 35. Qc6 Qxf5 36. Re8+ Kh7 37. Rxd8 Bxd8 38. Qe8 Bb6 39. Qe2 Qd5+ 40. Qf3 Qxf3+ 41. Kxf3 Kg6 42. a4 Kf5 43. g4+ Ke5 44. a5 Bc7 45. Ke3 g6 46. Kf3 f5 47. h5 g5 0-1

[Event "Gibraltar Masters"]
[Site "Gibraltar"]
[Date "2007.01.25"]
[Round "3"]
[White "Schuurman, Petra"]
[Black "Stokes, Ivan"]
[Result "1/2-1/2"]
[WhiteElo "2275"]
[BlackElo "2044"]
[PlyCount "184"]
[EventDate "2007.01.23"]
[EventType "swiss"]
[EventRounds "9"]
[EventCountry "ENG"]
[SourceTitle "CBM 116 Extra"]
[Source "ChessBase"]
[SourceDate "2007.03.07"]
[SourceVersion "1"]
[SourceVersionDate "2007.03.07"]
[SourceQuality "1"]

1. d4 d6 2. Nf3 Nf6 3. c4 g6 4. Nc3 Bg7 5. e4 0-0 6. h3 Nfd7 7. Be2 c5 8. d5 Na6 9. 0-0 Nc7 10. Bf4 a6 11. a4 b6 12. Qd2 Re8 13. Rfe1 Bb7 14. Bf1 b5 15. cxb5 axb5 16. Nxb5 Ba6 17. Ra3 Nb6 18. Nxc7 Qxc7 19. Qc2 Bxf1 20. Rxf1 Reb8 21. Nd2 Bxb2 22. Qxb2 Nxd5 23. Qxb8+ Qxb8 24. exd5 Qb4 25. Rf3 Qxa4 26. Re1 Ra7 27. Rb1 Kg7 28. Nf1 Qe4 29. Rd1 Qa4 30. Ne3 Rb7 31. Rc1 Qe4 32. Kh2 Rb1 33. Rc4 Qd3 34. Bh6+ Kg8 35. Ra4 Rb8 36. Raf4 f6 37. Ng4 Qb5 38. Nxf6+ exf6 39. Rxf6 Qe8 40. Re6 Qd8 41. g3 c4 42. Rfe3 Kf7 43. Rf3+ Kg8 44. Rfe3 Kf7 45. h4 Qd7 46. Rf3+ Kg8 47. Rfe3 Kf7 48. Bf4 Rb3 49. Rxd6 Qa7 50. Rc6 Rxe3 51. Bxe3 Qd7 52. Rc5 c3 53. Bf4 c2 54. d6 Qa4 55. Rc7+ Ke6 56. d7 Qd4 57. Be3 c1Q 58. Rxc1 Qxd7 59. Ra1 Qd3 60. Ra5 h5 61. Ra4 Qc2 62. Rf4 Ke7 63. Kg2 Ke6 64. Rd4 Kf7 65. Bf4 Ke6 66. Rd2 Qb1 67. Re2+ Kf7 68. Bg5 Qd3 69. Re7+ Kf8 70. Re3 Qc2 71. Kg1 Qd1+ 72. Kg2 Qc2 73. Re7 Qa2 74. Rd7 Qc2 75. Rd2 Qe4+ 76. f3 Qb1 77. g4 hxg4 78. fxg4 Qe4+ 79. Kg3 Qe1+ 80. Kf3 Qh1+ 81. Kf4 Kf7 82. Rd7+ Ke6 83. Re7+ Kd6 84. Re3 Qf1+ 85. Kg3 Qg1+ 86. Kf3 Qh1+ 87. Kf4 Qf1+ 88. Rf3 Qc1+ 89. Kg3 Qg1+ 90. Kf4 Qc1+ 91. Re3 Qf1+ 92. Ke4 Qg2+ 1/2-1/2

[Event "Coulsdon Xmas-B"]
[Site "Coulsdon"]
[Date "2006.12.15"]
[Round "8"]
[White "Stokes, Ivan"]
[Black "Muter, Donny"]
[Result "1/2-1/2"]
[WhiteElo "2036"]
[BlackElo "2131"]
[PlyCount "82"]
[EventDate "2006.12.11"]
[EventType "tourn"]
[EventRounds "9"]
[EventCountry "ENG"]
[SourceTitle "EXT 2008"]
[Source "ChessBase"]
[SourceDate "2007.11.25"]
[SourceVersion "1"]
[SourceVersionDate "2007.11.25"]
[SourceQuality "1"]

1. e4 c5 2. Nf3 a6 3. c4 d6 4. d4 cxd4 5. Nxd4 Nf6 6. Nc3 g6 7. Be2 Nc6 8. Nc2 Bg7 9. 0-0 0-0 10. Be3 Be6 11. f3 Rc8 12. Na3 Ne5 13. Nd5 Ned7 14. Qd2 a5 15. Nb5 Nc5 16. Rab1 Bd7 17. Nbc3 Ne8 18. Bg5 f6 19. Bh4 e6 20. Ne3 Qb6 21. Bf2 Rf7 22. Nc2 f5 23. exf5 gxf5 24. b4 axb4 25. Nxb4 Qa5 26. Be1 Bf6 27. Kh1 Qd8 28. Nb5 Bg5 29. Qd1 Bxb5 30. cxb5 Bf6 31. Nd3 Nxd3 32. Bxd3 d5 33. Qe2 Ng7 34. Bg3 Rc3 35. Be1 Ra3 36. Bb4 Ra4 37. f4 Be7 38. a3 Bxb4 39. axb4 Qd6 40. Qb2 Nh5 41. Qd2 Rc7 1/2-1/2

[Event "EU-ch U18"]
[Site "Herceg Novi"]
[Date "2006.09.14"]
[Round "5"]
[White "Stokes, Ivan"]
[Black "Genzling, Alain"]
[Result "1/2-1/2"]
[WhiteElo "2017"]
[BlackElo "2215"]
[PlyCount "41"]
[EventDate "2006.09.10"]
[EventType "swiss"]
[EventRounds "9"]
[EventCountry "MNE"]
[SourceTitle "CBM 114 Extra"]
[Source "ChessBase"]
[SourceDate "2006.11.03"]
[SourceVersion "1"]
[SourceVersionDate "2006.11.03"]
[SourceQuality "1"]

1. e4 c5 2. Nf3 Nc6 3. Bb5 d6 4. 0-0 Bd7 5. Re1 a6 6. Bxc6 Bxc6 7. d4 cxd4 8. Nxd4 Nf6 9. Nxc6 bxc6 10. c4 e5 11. Nc3 Be7 12. Bg5 0-0 13. Qd3 Qc7 14. Bxf6 Bxf6 15. b4 Rac8 16. Rac1 Rfd8 17. a4 Qb6 18. Rb1 Qd4 19. Red1 a5 20. bxa5 Qa7 21. Rb3 1/2-1/2

[Event "GBR-ch op"]
[Site "Swansea"]
[Date "2006.08.18"]
[Round "11.61"]
[White "Stokes, Ivan"]
[Black "Longson, Sarah N"]
[Result "1/2-1/2"]
[WhiteElo "2017"]
[BlackElo "1943"]
[PlyCount "93"]
[EventDate "2006.08.06"]
[EventType "swiss"]
[EventRounds "11"]
[EventCountry "WLS"]
[SourceTitle "CBM 113 Extra"]
[Source "ChessBase"]
[SourceDate "2006.09.14"]
[SourceVersion "1"]
[SourceVersionDate "2006.09.14"]
[SourceQuality "1"]

1. d4 Nf6 2. Nf3 g6 3. Nbd2 d5 4. e3 c5 5. dxc5 Nc6 6. Bb5 Qa5 7. Nd4 Bd7 8. 0-0 Bg7 9. c4 0-0 10. a3 Qc7 11. Bxc6 bxc6 12. b4 Ng4 13. g3 e5 14. Ne2 e4 15. Rb1 Ne5 16. cxd5 cxd5 17. Nf4 Bb5 18. Re1 Rfd8 19. Bb2 Qd7 20. Kg2 Qf5 21. a4 Bd7 22. Bxe5 Bxe5 23. h4 Bxf4 24. exf4 Qh3+ 25. Kg1 Re8 26. Re3 Rad8 27. b5 h6 28. Qf1 Qf5 29. Nb3 d4 30. Nxd4 Qxc5 31. Nb3 Qb4 32. Qe1 Qxa4 33. Nc5 Qd4 34. Nxe4 Qb6 35. Rd1 Bxb5 36. Rxd8 Qxd8 37. Qa1 Re6 38. Qxa7 Qd1+ 39. Kh2 Bc6 40. Qb8+ Kh7 41. Qf8 Bxe4 42. Qxf7+ Kh8 43. Rxe4 Rxe4 44. Qf8+ Kh7 45. Qf7+ Kh8 46. Qf6+ Kh7 47. Qf7+ 1/2-1/2

[Event "GBR-ch op"]
[Site "Swansea"]
[Date "2006.08.15"]
[Round "8.64"]
[White "Stokes, Ivan"]
[Black "Webster, Richard J"]
[Result "0-1"]
[WhiteElo "2017"]
[BlackElo "1978"]
[PlyCount "56"]
[EventDate "2006.08.06"]
[EventType "swiss"]
[EventRounds "11"]
[EventCountry "WLS"]
[SourceTitle "CBM 113 Extra"]
[Source "ChessBase"]
[SourceDate "2006.09.14"]
[SourceVersion "1"]
[SourceVersionDate "2006.09.14"]
[SourceQuality "1"]

1. e4 e6 2. d4 d5 3. Nc3 dxe4 4. Nxe4 Nd7 5. Bd3 Ngf6 6. Qe2 a6 7. Bg5 Be7 8. Nxf6+ Nxf6 9. Nf3 c5 10. dxc5 Qa5+ 11. c3 Qxc5 12. 0-0 h6 13. Be3 Qc7 14. Bd4 0-0 15. a4 Bd7 16. a5 Bc6 17. Ne5 Rac8 18. Rfe1 Be8 19. g3 Bc5 20. Ng4 Bxd4 21. cxd4 Nxg4 22. Qxg4 Bc6 23. Re5 Qd8 24. Be4 f5 25. Rxf5 exf5 26. Bxf5 Qf6 27. Be6+ Kh8 28. Rf1 Rcd8 0-1

[Event "GBR-ch op"]
[Site "Swansea"]
[Date "2006.08.08"]
[Round "2.45"]
[White "Stokes, Ivan"]
[Black "Eckersley Waites, Adam"]
[Result "1/2-1/2"]
[WhiteElo "2017"]
[BlackElo "2147"]
[PlyCount "113"]
[EventDate "2006.08.06"]
[EventType "swiss"]
[EventRounds "11"]
[EventCountry "WLS"]
[SourceTitle "CBM 113 Extra"]
[Source "ChessBase"]
[SourceDate "2006.09.14"]
[SourceVersion "1"]
[SourceVersionDate "2006.09.14"]
[SourceQuality "1"]

1. e4 c5 2. Nf3 d6 3. d4 cxd4 4. Nxd4 Nf6 5. Nc3 g6 6. Be3 Bg7 7. f3 Nc6 8. Qd2 0-0 9. 0-0-0 d5 10. Kb1 Nxd4 11. e5 Nf5 12. exf6 Bxf6 13. Nxd5 Qxd5 14. Qxd5 Nxe3 15. Qd2 Nxd1 16. Qxd1 Be6 17. Bb5 a6 18. Ba4 Rfd8 19. Qc1 Rd4 20. Bb3 Bxb3 21. axb3 Rad8 22. g3 R8d5 23. h4 h5 24. Qe3 e6 25. f4 a5 26. Rc1 Kg7 27. Qf3 b5 28. Qe3 a4 29. Qf3 Rd2 30. Qe3 axb3 31. Qxb3 Kg8 32. Re1 Rg2 33. Rc1 Bd8 34. Qc3 Bb6 35. Qf3 Rf2 36. Qb3 Ba7 37. Qa3 Bc5 38. Qb3 b4 39. Re1 Rg2 40. Qf3 Rdd2 41. Qb3 Rxc2 42. Qxc2 Rxc2 43. Kxc2 Bf2 44. Re4 Bxg3 45. Rxb4 Bxh4 46. Kd3 Bg3 47. Ke4 h4 48. Kf3 e5 49. fxe5 Bxe5 50. Kg4 f6 51. Kxh4 Kf7 52. b3 Ke6 53. Rc4 Kd5 54. Rc8 Ke4 55. b4 Kf3 56. b5 g5+ 57. Kh5 1/2-1/2

[Event "Dundee & Angus op"]
[Site "Dundee"]
[Date "2006.??.??"]
[Round "2"]
[White "Stokes, Ivan"]
[Black "Hawthorne, Blair"]
[Result "1-0"]
[WhiteElo "2006"]
[BlackElo "1640"]
[PlyCount "83"]
[EventDate "2006.10.20"]
[EventType "swiss"]
[EventRounds "5"]
[EventCountry "SCO"]
[SourceTitle "EXT 2017"]
[Source "ChessBase"]
[SourceDate "2016.10.25"]
[SourceVersion "1"]
[SourceVersionDate "2016.10.25"]
[SourceQuality "1"]

1. e4 g6 2. d4 Bg7 3. Bc4 c6 4. Nc3 b5 5. Bb3 d6 6. f4 Nd7 7. Nf3 Ngf6 8. e5 dxe5 9. fxe5 Ng4 10. 0-0 0-0 11. Ng5 Nh6 12. e6 Nf6 13. exf7+ Kh8 14. Ne6 Bxe6 15. Bxe6 Nxf7 16. Bf4 Nd6 17. Be5 Qb6 18. Kh1 Rad8 19. Qe2 Nf7 20. Bxf7 Rxf7 21. Ne4 Rdf8 22. Ng5 h6 23. Nxf7+ Rxf7 24. Rad1 c5 25. d5 Bf8 26. d6 Qd8 27. dxe7 Qxe7 28. Bxf6+ Rxf6 29. Qxe7 Bxe7 30. Rxf6 Bxf6 31. b3 Bd4 32. b4 a6 33. bxc5 Bxc5 34. Rd7 a5 35. Rd5 Bb4 36. Rxb5 Kg7 37. g4 Kf7 38. Kg2 Kf6 39. Kf3 g5 40. Ke4 Bc3 41. Rb6+ Kg7 42. Kf5 1-0

[Event "Grangemouth op"]
[Site "Grangemouth"]
[Date "2006.??.??"]
[Round "?"]
[White "Stokes, Ivan"]
[Black "Spencer, Edwin A"]
[Result "1/2-1/2"]
[WhiteElo "2015"]
[BlackElo "2196"]
[PlyCount "90"]
[EventDate "2006.??.??"]
[EventType "swiss"]
[EventRounds "5"]
[EventCountry "SCO"]
[SourceTitle "EXT 2008"]
[Source "ChessBase"]
[SourceDate "2007.11.25"]
[SourceVersion "1"]
[SourceVersionDate "2007.11.25"]
[SourceQuality "1"]

1. e4 c5 2. Nf3 Nc6 3. Bb5 a6 4. Bxc6 dxc6 5. d3 Bg4 6. Nbd2 f6 7. e5 g6 8. h3 Bxf3 9. Nxf3 Qd5 10. Qe2 0-0-0 11. Bd2 Bg7 12. 0-0 g5 13. exf6 exf6 14. Ba5 Rf8 15. Rfe1 Nh6 16. Qe6+ Qxe6 17. Rxe6 Re8 18. Rae1 Rxe6 19. Rxe6 Kd7 20. Re4 b5 21. Bb6 f5 22. Re2 Bxb2 23. Nxg5 Bd4 24. Ne6 Rb8 25. Bxc5 Bxc5 26. Nxc5+ Kd6 27. d4 Kd5 28. Nxa6 Rb6 29. Nb4+ Kxd4 30. Re6 Nf7 31. Rf6 Nd8 32. Nd3 Kc3 33. Ne1 Ra6 34. Rxf5 Rxa2 35. Rf3+ Kd2 36. Rd3+ Kxe1 37. Rxd8 Rxc2 38. f4 Rc4 39. f5 Rf4 40. Rc8 Rxf5 41. Rxc6 Kd2 42. g4 Rg5 43. Rh6 b4 44. Rxh7 Rb5 45. Kf2 b3 1/2-1/2

[Event "Dundee op"]
[Site "Dundee"]
[Date "2004.10.24"]
[Round "4"]
[White "Tate, Alan"]
[Black "Stokes, Ivan"]
[Result "1/2-1/2"]
[WhiteElo "1896"]
[BlackElo "1764"]
[PlyCount "74"]
[EventDate "2004.10.22"]
[EventType "swiss"]
[EventRounds "5"]
[EventCountry "SCO"]
[SourceTitle "EXT 2006"]
[Source "ChessBase"]
[SourceDate "2005.11.24"]
[SourceVersion "1"]
[SourceVersionDate "2005.11.24"]
[SourceQuality "1"]

1. e4 e6 2. d4 d5 3. exd5 exd5 4. Bd3 Nc6 5. Nf3 Bd6 6. Nc3 Bg4 7. Be3 Nge7 8. h3 Bh5 9. a3 a6 10. 0-0 Qd7 11. Re1 0-0 12. Bxh7+ Kxh7 13. Ng5+ Kg6 14. g4 Rh8 15. f4 f6 16. Qd3+ Nf5 17. Nf3 Kf7 18. gxh5 Rxh5 19. Nxd5 Nxe3 20. Qxe3 Qxh3 21. Kf2 Qf5 22. c4 Rah8 23. Re2 g5 24. Qe4 Rh2+ 25. Nxh2 Rxh2+ 26. Kg1 Qxe4 27. Rxe4 Rxb2 28. fxg5 fxg5 29. Rf1+ Kg7 30. Rf5 Nxd4 31. Rxg5+ Kh6 32. Rg2 Nf3+ 33. Kf1 Nd2+ 34. Ke1 Nf3+ 35. Kf1 Nd2+ 36. Ke1 Nf3+ 37. Kf1 Nd2+ 1/2-1/2